000 00320nam a2200133Ia 4500
100 _aGrebane alan B.
942 _cRB
654 _aintegrated circuit design
245 _aBipolor and mos analog integrated circuit design
260 _bJohn wiley
_aSingapore
_c1991
300 _a894
546 _aENGLISH
999 _c31867
_d31867